New house building statistics (Record no. 117853)
[ view plain ]
| 000 -LEADER | |
|---|---|
| fixed length control field | 01237cam a2200241 4500 |
| 001 - CONTROL NUMBER | |
| control field | WB@3612-502 |
| 008 - FIXED-LENGTH DATA ELEMENTS--GENERAL INFORMATION | |
| fixed length control field | 040818n2004 000 0 eng u |
| 035 ## - SYSTEM CONTROL NUMBER | |
| System control number | (Sirsi) u127088 |
| 245 ## - TITLE STATEMENT | |
| Title | New house building statistics |
| 260 ## - PUBLICATION, DISTRIBUTION, ETC. | |
| Date of publication, distribution, etc. | 2004 |
| 490 ## - SERIES STATEMENT | |
| Series statement | ODPM Statistical Release |
| Volume/sequential designation | (0198) 12 August 2004 (3) |
| 520 ## - SUMMARY, ETC. | |
| Summary, etc. | The latest statistical release presenting figures on new house building starts and completions in England and its regions has been released from the ODPM. The figures reveal that in the quarter ending June 2004 there were 46.9 thousand housing starts and 38.7 thousand completions - both up 10% on the same period in 2003. In the 12 months to the end of June 2004, starts were up in all regions - the north east increased by 2%, Yorkshire and the Humber 10%, East Midlands 6%, London 6%, South East 11% and the East only 2%. All charts and tables are available on the website. http://www.odpm.gov.uk/pns/DisplayPN.cgi?pn_id=200 4_0198 |
| 590 ## - LOCAL NOTE (RLIN) | |
| Local note | WB |
| 590 ## - LOCAL NOTE (RLIN) | |
| Local note | WB |
| 650 ## - SUBJECT ADDED ENTRY--TOPICAL TERM | |
| Topical term or geographic name entry element | HOUSING STATISTICS |
| 650 ## - SUBJECT ADDED ENTRY--TOPICAL TERM | |
| Topical term or geographic name entry element | HOUSING COMPLETIONS |
| 650 ## - SUBJECT ADDED ENTRY--TOPICAL TERM | |
| Topical term or geographic name entry element | STATISTICS |
| 650 ## - SUBJECT ADDED ENTRY--TOPICAL TERM | |
| Topical term or geographic name entry element | PRIVATE HOUSING |
| 650 ## - SUBJECT ADDED ENTRY--TOPICAL TERM | |
| Topical term or geographic name entry element | HOUSE BUILDING |
| 650 ## - SUBJECT ADDED ENTRY--TOPICAL TERM | |
| Topical term or geographic name entry element | HOUSING ASSOCIATIONS |
| 690 ## - LOCAL SUBJECT ADDED ENTRY--TOPICAL TERM (OCLC, RLIN) | |
| Topical term or geographic name as entry element | HOUSING-MARKET |
| 942 ## - ADDED ENTRY ELEMENTS (KOHA) | |
| Suppress in OPAC | 0 |
| Withdrawn status | Lost status | Source of classification or shelving scheme | Damaged status | Not for loan | Home library | Current library | Shelving location | Date acquired | Total Checkouts | Full call number | Barcode | Date last seen | Copy number | Price effective from | Koha item type |
|---|---|---|---|---|---|---|---|---|---|---|---|---|---|---|---|
| Dewey Decimal Classification | London | London | News article | 18/08/2004 | WB4032-10 | 127088-1001 | 06/08/2019 | 1 | 06/08/2019 | News article |